000
00242nam a2200109Ia 4500
008
221009s9999 xx 000 0 und d
082
_a
823/KOT
100
_a
Khothari, Rajni
_9
11460
245
0
_a
Memoirs
260
_b
Rupa & Co.,
942
_c
BK
999
_c
64852
_d
64852